|
|
|
|
| LEADER |
00000nam a2200000Ii 4500 |
| 001 |
DIGUCATOR0012 |
| 003 |
NyNyDIG |
| 006 |
m o d |
| 007 |
cr ||||||||||| |
| 008 |
250416s2023 ck ab ob 100 0 spa d |
| 035 |
|
|
|a (OCoLC)1517260997
|
| 040 |
|
|
|a DGITA
|b eng
|e rda
|e pn
|c DGITA
|
| 020 |
|
|
|a 9786287521629
|q (digital)
|
| 020 |
|
|
|z 9786287521612
|q (impreso)
|
| 050 |
1 |
4 |
|a TA7 ebook
|
| 245 |
0 |
0 |
|a Perspectivas de la investigación :
|b tendencias y avances en ingeniería /
|c autores, Santiago Henao García [and 74 others].
|
| 250 |
|
|
|a Primera edición.
|
| 264 |
|
1 |
|a Rionegro (Antioquia) :
|b Fondo Editorial Universidad Católica de Oriente,
|c [2023]
|
| 300 |
|
|
|a 1 online resource :
|b illustrations, maps.
|
| 336 |
|
|
|a text
|b txt
|2 rdacontent
|
| 337 |
|
|
|a computer
|b c
|2 rdamedia
|
| 338 |
|
|
|a online resource
|b cr
|2 rdacarrier
|
| 347 |
|
|
|a text file
|2 rdaft
|
| 347 |
|
|
|b PDF
|
| 500 |
|
|
|a "En el presente documento se encuentra un compendio de aquellos trabajos que fueron seleccionados por el comité académico del evento y que fueron presentados mediante modalidad de ponencia o póster en los diferentes espacios dispuestos por la Institución Salazar y Herrera. Estos trabajos abarcan diferentes áreas de la ingeniería como lo son el Modelado y simulación computacional, Excelencia operacional y productividad, Automatización, Control, Electrónica y Comunicación entre dispositivos, Ingeniería del software y ciencia de datos, Gestión TI y Sostenibilidad y gestión territorial"--Cover.
|
| 504 |
|
|
|a Includes bibliographical references.
|
| 588 |
0 |
|
|a Online resource; title from PDF title page (Digitalia, viewed April 16, 2025)
|
| 650 |
|
0 |
|a Engineering
|x Research
|v Congresses.
|
| 650 |
|
0 |
|a Systems engineering
|x Research
|v Congresses.
|
| 650 |
|
0 |
|a Electronics engineering
|x Research
|v Congresses.
|
| 700 |
1 |
|
|a Henao García, Santiago,
|e author.
|
| 776 |
0 |
8 |
|i Print version:
|t Perspectivas de la investigación.
|b Primera edición.
|d Rionegro (Antioquia) : Fondo Editorial Universidad Católica de Oriente, [2023]
|z 9786287521612
|
| 791 |
2 |
|
|a Digitalia (Firm),
|e distributor.
|
| 793 |
0 |
|
|g Digitalia eBook Collection:
|a Universidad Católica de Oriente
|
| 856 |
4 |
0 |
|3 Digitalia Hispánica
|u https://www.digitaliapublishing.com/a/172430/
|
| 910 |
|
|
|a Premium collection: 2025
|